Cargando...

Statistical methods for practice and research : a guide to data analysis using SPSS /

Detalles Bibliográficos
Autor Principal: Gaur, Ajai S., 1977-
Outros autores: Gaur, Sanjaya S., 1969-
Formato: Printed Book
Idioma:English
Publicado: Los Angeles : Response, 2009.
Edición:2nd ed.
Subjects:
LEADER 01498cam a2200337 a 4500
001 15679436
005 20190924115132.0
008 090330s2009 caua b 000 0 eng
999 |c 186496  |d 186492 
010 |a  2009013249 
020 |a 9788132101000 (pbk.) 
020 |a 8132101006 (pbk.) 
035 |a (OCoLC)ocn317778227 
040 |a DLC  |c DLC  |d BTCTA  |d YDXCP  |d C#P  |d BWX  |d DLC 
050 0 0 |a HA32  |b .G38 2009 
082 0 0 |2 22 
100 1 |a Gaur, Ajai S.,  |d 1977-  |9 165024 
245 1 0 |a Statistical methods for practice and research :  |b a guide to data analysis using SPSS /  |c Ajai S. Gaur, Sanjaya S. Gaur. 
250 |a 2nd ed. 
260 |a Los Angeles :  |b Response,  |c 2009. 
300 |a 169, [1] p. :  |b ill. ;  |c 25 cm. 
504 |a Includes bibliographical references. 
630 0 0 |a SPSS (Computer file)  |9 165025 
650 0 |a Social sciences  |x Statistical methods  |x Computer programs.  |9 165026 
650 0 |a Social sciences  |x Research  |x Statistical methods.  |9 165027 
700 1 |a Gaur, Sanjaya S.,  |d 1969-  |9 165028 
906 |a 7  |b cbc  |c orignew  |d 1  |e ecip  |f 20  |g y-gencatlg 
942 |2 ddc  |c BK 
955 |a hh09 2009-03-30  |i hh09 (telework) 2009-04-02  |a rd05 2009-04-02  |a xe10 2009-09-17 1 copy rec'd., to CIP ver.  |a Barcode 00264153712 returned from bindery 2010-01-07 
952 |0 0  |1 0  |4 0  |7 0  |9 185153  |a SPS  |b SPS  |c GEN  |d 2019-09-24  |l 1  |p SPS05151  |q 2019-10-15  |r 2019-09-24  |s 2019-09-24  |w 2019-09-24  |y BK 
952 |0 0  |1 0  |4 0  |7 0  |9 185154  |a SPS  |b SPS  |c GEN  |d 2019-09-24  |l 1  |p SPS05153  |r 2020-10-09  |s 2019-11-05  |w 2019-09-24  |y BK